Culture générale ! Une image... Un des... (34) - Statistiques

Statistiques générales
  • Ce quiz a été pris 80 fois
  • Le résultat moyen est 9 sur 30
Statistiques - réponses
Par images Hint Réponse % Correct
animaux marins Etoile de mer
86%
jeux de société jeu de {dames}
85%
lettres grecques omega
82%
plantes herbacées maïs
74%
accessoires de mode perruque
74%
plantes herbacées rhubarbe
70%
monument de Paris obélisque
65%
états américains Alaska
58%
drapeaux du monde Slovénie
48%
types de verre verre à {cognac}
39%
stations balnéaires françaises La Grande Motte
24%
sports olympiques skeleton
24%
chapeaux fez
21%
films célébrissimes Le Bossu
20%
armes mine
18%
parfums Angel
17%
compagnies aériennes british airways
17%
pays du monde Corée-du-Sud
14%
préfectures de France Créteil
14%
châteaux de France Château de {Vincennes}
11%
grades de l armée commandant
9%
chefs cuisiniers François Vatel
8%
grandes sportives françaises Gabriella Papadakis
8%
véhicules de l armée VAB | Véhicule de l avant blinde
6%
cinéastes français Jacques Tati
5%
blasons de région de gendarmerie Nouvelle-Aquitaine
5%
édition des JO d'Hiver (année ou lieu) 1968 | Grenoble
3%
rois anglais Charles 1er
0%
monuments préférés des Français gare {transatlantique de Cherbourg}
0%
maréchaux de France Pierre Koenig
0%
Aucun quiz correspondant
Distribution des résultats
% des personnes avec chaque résultat
Percentile par nombre de réponses
Votre historique - résultats
Vous n’avez pas pris ce quiz